000 00725nam a2200217 a 4500
999 _c5498
_d5498
001 5498
003 BD-JhCC
005 20180210164303.0
008 171217s1974 bg ||||| |||| 00| 0 ben d
035 _a(BD-JhCC)5498
040 _aBD-JhCC
_dBD-JhCC
041 _aben
082 _a581
_bHAS 1974
100 _aহাসান, ডক্টর মোহাম্মদ আবুল
245 _aউচ্চ মাধ্যমিক উদ্ভিদ বিজ্ঞান /
_cডক্টর মোহাম্মদ আবুল হাসান
260 _aঢাকা :
_bহাসান বুক হাউস,
_c1974.
300 _a768 p. :
_c23 cm.
650 _aBotany
942 _2ddc
_cBK